00648nam a22001697a 4500020001600000082000800016100002000024245009800044260003400142300002700176650004100203700002800244856005700272942001200329999001900341952011800360 qHard cover. a621 aAkhtar, Tehseen aModelling and LQR Based Linearized Control Strategy of Quad Rotor AirCraft /cTehseen Akhtar. aIslamabad:bCEME NUST,c2013. a44 p. :bill. ;c30cm. a MS- Mechatronics Engineering934917 aDr. Knuwar Faraz929557 uhttp://10.250.8.41:8080/xmlui/handle/123456789/36905 2ddccSC c535057d535057 00102ddc406200_000000000000000709497367aCLbCLcTHEd2020-08-28o200pCL-T-230r2020-08-28w2020-08-28yTHE